000 01583nam a2200397 a 4500
001 ebr10298277
003 CaPaEBR
006 m u
007 cr cn|||||||||
008 050629s2006 caua sbf 001 0 eng d
010 _z 2005930011
015 _aGBA577315
_2bnb
016 7 _z013292000
_2Uk
020 _z1569755132 (pbk.)
020 _z9781569755136
040 _aCaPaEBR
_cCaPaEBR
035 _a(OCoLC)472400488
043 _an-us---
050 1 4 _aRC550
_b.A74 2006eb
082 0 4 _a616.890088355
_222
100 1 _aArmstrong, Keith
_q(Keith Robert)
245 1 0 _aCourage after fire
_h[electronic resource] :
_bcoping strategies for troops returning from Iraq and Afghanistan and their families /
_cKeith Armstrong, Suzanne Best, Paula Domenici ; foreword by Bob Dole.
260 _aBerkeley, Calif. :
_bUlysses Press,
_cc2006.
300 _a239 p. :
_bill.
504 _aIncludes bibliographical references (p. 205-229) and index.
533 _aElectronic reproduction.
_bPalo Alto, Calif. :
_cebrary,
_d2013.
_nAvailable via World Wide Web.
_nAccess may be limited to ebrary affiliated libraries.
650 0 _aWar neuroses.
650 0 _aMilitary psychiatry.
650 0 _aVeterans
_xMental health.
650 0 _aVeterans' families
_zUnited States
_vHandbooks, manuals, etc.
655 7 _aElectronic books.
_2local
700 1 _aBest, Suzanne,
_d1962-
700 1 _aDomenici, Paula.
710 2 _aebrary, Inc.
856 4 0 _uhttp://site.ebrary.com/lib/rucke/Doc?id=10298277
_zAn electronic book accessible through the World Wide Web; click to view
999 _c64375
_d64375